Culture Générale - Clic Quiz - La réponse est un métier - Statistiques

Statistiques générales
  • Ce quiz a été pris 253 fois
  • Le résultat moyen est 16 sur 30
Statistiques - réponses
Hint Réponse % Correct
Compléte le nom du roman pour enfants écrit par Lyman Frank Baum et publié aux États-Unis en 1900 : 'Le _________ d'Oz" Magicien
87%
Fruit en forme de poire, à peau verte (brun) et à gros noyau, dont le goût rappelle celui de l'artichaut Avocat
82%
Petit gâteau rectangulaire à base de poudre d'amandes Financier
79%
Compléte le nom d'une comptine du patrimoine francophone tirée d'une chanson de Léon Raiter et Fernand Pothier composée au début du XXe siècle : "__________ tu dors" Meunier
78%
Jeu vidéo de réflexion sur une grille dont la version la plus connue est celle fournie par défaut avec le système d'exploitation Microsoft Windows Démineur
74%
Compléte le nom du fromage à pâte molle à croûte lavée de lait de vache produit et affiné en France sur le territoire de la Normandie historique : "Pont-.._________" Évêque
74%
Compléte le nom de pièce de théâtre française en quatre actes de Beaumarchais, jouée pour la première fois en 1775 : ".. _________ de Séville" Barbier
71%
En philosophie, quand il est libre, c'est la faculté de se déterminer librement par sa seule volonté Arbitre
70%
Accountant en anglais Comptable
69%
Profession de Nestor dans la bande dessinée Les Aventures de Tintin Majordome
65%
Compléte le nom de l'application de conception graphique et de retouche d'images utilisant l'IA : Microsoft __________ Designer
63%
Système informatique permettant la consultation directe d'une banque de données Serveur
60%
Groupe de pop rock qui a vendu plus de 25 millions d'albums dans le monde. Quelques tubes dont Hijo de la luna Mecano
57%
Benjamin Millepied et Marius Petipa en sont les meilleurs aptonymes Danseur
54%
Troisième mot du nom du Chef-lieu du Jura Saunier
54%
Compléte le slogan publicitaire de la marque Pierre Martinet pour sa campagne TV grand public " .. _________ intraitable" Traiteur
54%
Désigne la préfecture de la Saône et Loire en ignorant les signes diacritiques Macon
51%
Personnage dont la véritable identité est inconnue dans le jeu TV "À prendre ou à laisser" Banquier
50%
En biologie, c'est une espèce de punaise. En charcuterie, C'est un type de saucisse sèche généralement vendue par paire Gendarme
49%
Métier de Laurent Monier joué par Gérard Depardieu dans Le Plus Beau Métier du monde en 1996 Professeur
48%
Compléte le nom d'une série télévisée française diffusée sur M6 entre 1993 et 1994 : Classe __________ Mannequin
43%
Ciro Immobile en est l'un des meilleurs contraptonymes Footballeur
41%
Surnom de l'antagoniste principal de la Saison 3 et de la première partie de la Saison 4 de la série TV The Walking Dead Gouverneur
39%
Compléte le nom d'un livre de Jérôme Kerviel publié en 2010 : "L'Engrenage : mémoires d'un _________" Trader
39%
Cible de Michael Myers dans "Halloween, la Nuit des Masques" en 1978 Baby-sitter
35%
Groupe de skiffle français, parodique, actif de 1988 à 1993. Ramon Perez et Cannes sont 2 de leurs titres VRP
35%
Nom de deux films d'horreurs réalisé par Brian Yuzna : Le premier est sorti en 1996 et le _____ 2 est sorti en 1998 Dentiste
24%
Compléte le nom du trophée de golf mis en jeu tous les deux ans que se disputent les États-Unis et le reste du monde dans un tournoi par équipes : "..............s Cup" Président
22%
En Suisse, Employé de la Confédération, d'un canton ou d'une commune chargé de missions de service et d'un rôle protocolaire Huissier
20%
Métier du tueur Pierre Valdeck alias Minos dans le film "Peur sur la ville" en 1975 Infirmier
14%
Aucun quiz correspondant
Distribution des résultats
% des personnes avec chaque résultat
Percentile par nombre de réponses
Votre historique - résultats
Vous n’avez pas pris ce quiz